000 01213cam a2200361 a 4500
999 _c2531
_d2531
001 016279738
003 UkOxU
005 20230710110530.0
008 030206s2003 enka j 000 1 eng
015 _aGBA3Y0353
016 _a0749649194
_2Uk
020 _a9780749649197 (pbk.)
035 _a(Uk)gb A30Y0353
035 _a808502
035 _a(StEdNL)3562383
035 _a(UkLCURL)703562383
038 _aUk
040 _aStDuBDS
_cStDuBDS
_dUk
_dKH8
049 _lb
082 0 4 _a823.914 BRU
_221
100 1 _aBruce, Lisa.
_eAuthor
245 1 0 _aStaying with Gran /
_cLisa Bruce & Susie Jenkin-Pearce.
260 _aLondon :
_bFranklin Watts,
_c2003.
300 _a[24] p. :
_bchiefly col. ill. ;
_c21 cm.
500 _aPublished in association with the Early Childhood Centre, Froebel Institute College, Roehampton Institute.
500 _aOriginally published: as Staying the night, 1997.
650 0 _aGrandmothers
_vPictorial works
_vJuvenile fiction.
650 0 _aGrandparent and child
_vPictorial works
_vJuvenile fiction.
700 1 _aJenkin-Pearce, Susie.
_eAuthor
710 2 _aEarly Childhood Centre (Froebel Institute College).
830 0 _aMe and my world
942 _2ddc
_cBK